000 00597nam a2200217Ia 4500
001 21434
003 DO-CoUTE
005 20260204212626.0
008 220104s9999 dr 000 0 spa d
040 _aDO-CoUTE
_bspa
_cDO-CoUTE
041 0 _aspa
082 _aRD 868.992 33 R129c (CRF)
110 _aRadio Santa Maria
245 1 0 _aConcursode cuentos / Radio Santa Maria
260 _aSanto Domingo, República Dominicana : Editora Teofilo
300 _a135 páginas
650 4 _aCuentos
942 _2ddc
_cBK
999 _c21387
_d21387